000
00208 a2200097 4500
001
46609
100
_a
Qateel, Shefayee
245
_a
Aamokhta
260
_a
Lahore
_b
Maora Publishers
_c
090
_c
29712
_d
29712
942
_a
NUST-CAE
_c
_c
21905
999
_c
281682
_d
281682